| 000 | 006900000a22002290004500 | ||
|---|---|---|---|
| 003 | LK-CoMWRAF | ||
| 005 | 20231106175626.0 | ||
| 008 | 230817t1998 ||||| |||| 00| 0 eng d | ||
| 020 | _a0333688171 | ||
| 040 |
_aLK-CoMWRAF _dLK-CoMWRAF _eLK-CoMWRAF |
||
| 041 | _aeng | ||
| 082 |
_a305.4 _bKAR |
||
| 100 | _aKaram, Azza M. | ||
| 245 |
_aWomen, Islamisms and the State: _bcontemporary feminisms in Egypt |
||
| 260 |
_aNew York: _bSt.Martins Press, _c1998 |
||
| 300 |
_axvii, 284 p. ; 23 cm. _bBibliography and index included |
||
| 650 | _aWOMEN-Egypt | ||
| 650 | _a Women--Political activity--Egypt. | ||
| 650 | _aFeminism--Egypt. | ||
| 650 | _aPower (Social sciences) | ||
| 942 | _cBK | ||
| 999 |
_c1661 _d1661 |
||